[Event "FINAL MISTRZOSTW POLSKI JUNIOROW 2018 - GRUPA  C18"]
[Site "Jastrzebia Gora"]
[Date "1899-12-30"]
[Round "5.15"]
[White "Jarzebowski, Kacper"]
[Black "Raclawicki, Kacper"]
[Result "1-0"]
[WhiteTitle "I++"]
[BlackTitle "I"]
[WhiteElo "1914"]
[BlackElo "1738"]

1. d4 Nf6 2. Nf3 g6 3. g3 Bg7 4. Bg2 d6 5. O-O O-O 6. Nbd2 Nbd7 7. e4 e5 8. c3
c6 9. Qc2 Qc7 10. b3 Nb6 11. a4 a5 12. Ba3 Re8 13. Rfe1 h6 14. Rad1 c5 15. dxc5
dxc5 16. c4 Bg4 17. Nb1 Nc8 18. Nc3 Nd6 19. Rd3 Rad8 20. Nd2 Nh7 21. Nf1 Ng5 22.
Ne3 Bh3 23. Bh1 f5 24. Nb5 Nxb5 25. Rxd8 Rxd8 26. cxb5 fxe4 27. Bxe4 Rd4 28. Bh1
b6 29. Bb2 Rd8 30. Qxg6 Rd2 31. Bc3 Rd6 32. Qe8+ Kh7 33. Nd5 Qf7 34. Be4+ Bf5
35. Qxf7 Nxf7 36. Bxf5+ Kh8 37. Be4 Ng5 38. Bg2 e4 39. Bxg7+ Kxg7 40. Ne3 Rd3
41. h4 Ne6 42. Bxe4 1-0

[Event "FINAL MISTRZOSTW POLSKI JUNIOROW 2018 - GRUPA  C18"]
[Site "Jastrzebia Gora"]
[Date "1899-12-30"]
[Round "5.16"]
[White "Koloczek, Maciej"]
[Black "Rak, Maciej"]
[Result "1/2-1/2"]
[WhiteTitle "I"]
[BlackTitle "I"]
[WhiteElo "1864"]
[BlackElo "1694"]

1. e4 c5 2. Nf3 e6 3. b3 d6 4. Bb2 Nf6 5. Nc3 Be7 6. g3 O-O 7. Bg2 Nc6 8. O-O Bd7
9. d4 cxd4 10. Nxd4 Nxd4 11. Qxd4 Qc7 12. Rac1 Rfd8 13. Ne2 Qa5 14. a3 Qh5 15.
Qd2 e5 16. f3 Bh3 17. Nc3 Rac8 18. b4 Be6 19. Nd5 Nxd5 20. exd5 Bd7 21. c4 b6
22. f4 f6 23. Ba1 Bh3 24. Qf2 Bxg2 25. Qxg2 Qg6 26. Rc3 Rf8 27. Qh3 f5 28. fxe5
dxe5 29. Rfc1 a5 30. c5 axb4 31. axb4 bxc5 32. bxc5 Rxc5 33. Qg2 Qb6 34. Kh1 Rxc3
35. Bxc3 Bd6 36. Qe2 Qc5 37. Qd2 Qc4 38. Bb2 Qe4+ 39. Kg1 Bb8 40. Qg2 Ba7+ 41.
Kh1 Qxg2+ 42. Kxg2 Bb8 43. Rc6 Rd8 44. Kf3 Kf7 45. Rb6 Bd6 46. Ke2 Rb8 47. Rxd6
Rxb2+ 48. Kf3 Rxh2 49. Re6 e4+ 50. Kf4 Rf2+ 51. Ke5 Rd2 52. d6 e3 53. Re7+ Kf8
54. Kxf5 e2 55. Kf4 Rxd6 56. Rxe2 Rd4+ 57. Kf3 Kf7 58. Ra2 Rd6 59. Ra3 Kg6 60.
Rb3 Rf6+ 61. Kg4 Ra6 62. Rc3 Ra4+ 63. Kf3 h6 64. Rb3 Kh5 65. Rc3 g5 66. Rb3 Ra6
67. Rc3 Re6 68. Ra3 g4+ 69. Kf2 Re5 70. Rb3 Kg5 71. Ra3 h5 72. Rb3 Kf5 73. Ra3
Rb5 74. Re3 Rb2+ 75. Kg1 Ra2 76. Re8 Ra3 77. Kg2 Ra2+ 78. Kg1 Kg5 79. Re3 Ra5
80. Kg2 h4 81. gxh4+ Kxh4 82. Rb3 Ra2+ 83. Kg1 g3 84. Rb8 1/2-1/2

[Event "FINAL MISTRZOSTW POLSKI JUNIOROW 2018 - GRUPA  C18"]
[Site "Jastrzebia Gora"]
[Date "1899-12-30"]
[Round "5.17"]
[White "Kupiecki, Szymon"]
[Black "Bojczewski, Rafal"]
[Result "0-1"]
[WhiteTitle "I"]
[BlackTitle "I+"]
[WhiteElo "1827"]
[BlackElo "1790"]

1. e4 e5 2. Nf3 Nc6 3. Bb5 a6 4. Ba4 Nf6 5. d4 exd4 6. O-O Be7 7. e5 Ne4 8. Nxd4
O-O 9. Nf5 d5 10. Nxe7+ Nxe7 11. c3 c6 12. Bc2 Ng6 13. Bxe4 dxe4 14. Qd4 Qc7 15.
Qxe4 Qxe5 16. Qxe5 Nxe5 17. Bf4 Nd3 18. Bd6 Re8 19. b3 Re2 20. a4 Be6 21. b4 Bb3
22. Bc7 Rae8 23. Bb6 f5 24. a5 Nb2 25. Na3 f4 26. Bd4 Bd5 27. h3 R8e6 28. f3 Nd3
29. c4 Rg6 30. g4 fxg3 31. cxd5 Nf4 32. Rfe1 Nxh3+ 33. Kf1 Rd2 34. Red1 g2+ 0-1

[Event "FINAL MISTRZOSTW POLSKI JUNIOROW 2018 - GRUPA  C18"]
[Site "Jastrzebia Gora"]
[Date "1899-12-30"]
[Round "6.1"]
[White "Karpus, Michal"]
[Black "Kowalski, Igor"]
[Result "0-1"]
[WhiteTitle "FM"]
[BlackTitle "FM"]
[WhiteElo "2367"]
[BlackElo "2303"]

1. e4 e5 2. Nf3 Nc6 3. Bb5 a6 4. Ba4 Nf6 5. O-O b5 6. Bb3 Bc5 7. c3 d6 8. d4 Bb6
9. a4 Rb8 10. a5 Ba7 11. Be3 Ra8 12. Nbd2 O-O 13. Re1 h6 14. h3 Re8 15. Qb1 Bb7
16. Qa2 Qd7 17. dxe5 Nxe5 18. Nxe5 dxe5 19. Rad1 Bxe3 20. Rxe3 Qe7 21. Qb1 Rad8
22. Nf1 Rxd1 23. Bxd1 Rd8 24. Be2 c5 25. Ng3 g6 26. b3 Qc7 27. Qa2 Rd6 28. Qa3
c4 29. bxc4 bxc4 30. Qb4 Rc6 31. Nf5 Rc5 32. Nxh6+ Kg7 33. Ng4 Nxe4 34. Nh2 f5
35. Bf1 Nd6 36. Nf3 Bxf3 37. Rxf3 Qxa5 38. Qb8 Qc7 39. Qb1 Ne4 40. Re3 Rd5 41.
Qa2 Rd1 42. Qe2 Qd6 43. Kh2 Rd3 44. Qa2 Rxe3 45. fxe3 Qd2 46. Qa3 Qd6 47. Qa2
Qc5 48. Bxc4 Qxe3 49. Qxa6 Qg3+ 50. Kg1 Nd2 51. Be2 Qxc3 52. Kh2 Ne4 53. Bf3 Nd2
54. Be2 Qc7 55. Qa1 Ne4 56. Qa6 Qe7 57. Qb6 Nf6 58. Qb8 e4 59. Qb2 Kh7 60. g3
Qa7 61. Qxf6 Qf2+ 62. Kh1 Qe1+ 63. Kg2 Qxe2+ 64. Kg1 Qe3+ 65. Kg2 Qf3+ 66. Kh2
Qf2+ 67. Kh1 Qxg3 68. Qf7+ Kh6 69. Qf8+ Kg5 70. Qd8+ Kf4 71. Qd6+ Kf3 72. Qd1+
Kf2 73. Qc2+ Kf1 74. Qc1+ Qe1 75. Qf4+ Ke2+ 76. Kg2 Kd1 77. Qe5 Qe2+ 78. Kg1 Qe3+
79. Kg2 Qf3+ 80. Kh2 Qf2+ 81. Kh1 Ke2 82. Qb5+ Kf3 83. Qb3+ Qe3 0-1

[Event "FINAL MISTRZOSTW POLSKI JUNIOROW 2018 - GRUPA  C18"]
[Site "Jastrzebia Gora"]
[Date "1899-12-30"]
[Round "6.2"]
[White "Wyczling, Bartosz"]
[Black "Gumularz, Szymon"]
[Result "1-0"]
[WhiteTitle "k"]
[BlackTitle "FM"]
[WhiteElo "2103"]
[BlackElo "2462"]

1. d4 e6 2. Nf3 c5 3. c3 Nf6 4. Bg5 h6 5. Bxf6 Qxf6 6. e4 cxd4 7. cxd4 d5 8. exd5
exd5 9. Bb5+ Nc6 10. O-O Bd6 11. Ne5 O-O 12. f4 Bxe5 13. fxe5 Qh4 14. Bxc6 bxc6
15. Nc3 Rb8 16. Qd2 Ba6 17. Rf3 f6 18. e6 Rfe8 19. Re3 Qg4 20. Rae1 Rb4 21. Ne4
Rxe6 22. Nf2 Qg5 23. Nh3 Rxb2 24. Nxg5 Rxd2 25. Nxe6 Rxa2 26. Nf4 Rd2 27. Re8+
Kh7 28. R8e7 Rxd4 29. Rxg7+ 1-0

[Event "FINAL MISTRZOSTW POLSKI JUNIOROW 2018 - GRUPA  C18"]
[Site "Jastrzebia Gora"]
[Date "1899-12-30"]
[Round "6.3"]
[White "Chylewski, Patryk"]
[Black "Grela, Kacper"]
[Result "0-1"]
[WhiteTitle "FM"]
[BlackTitle "FM"]
[WhiteElo "2313"]
[BlackElo "2321"]

1. e4 c5 2. Nf3 Nc6 3. d4 cxd4 4. Nxd4 Nf6 5. Nc3 d6 6. Bg5 e6 7. Qd2 a6 8. O-O-O
Be7 9. f4 Bd7 10. Nf3 b5 11. Bxf6 gxf6 12. Kb1 Qa5 13. f5 Rc8 14. fxe6 fxe6 15.
g3 h5 16. Bh3 Ne5 17. Nxe5 fxe5 18. Rhf1 Qb6 19. Ne2 Qc6 20. Bg2 Rh7 21. Nc1 a5
22. Nd3 b4 23. Bf3 Kd8 24. Qf2 Rc7 25. h4 Rb7 26. Rd2 a4 27. Rc1 a3 28. b3 Qc3
29. Qe1 Kc8 30. Rg2 Bd8 31. Qxc3+ bxc3 32. Rh1 Bc6 33. g4 Rbf7 34. Ne1 Rxf3 35.
Nxf3 Bxe4 36. Rf1 Rf7 37. g5 Rxf3 38. Rxf3 Bxf3 39. g6 Bf6 40. g7 Bxg7 41. Rxg7
e4 0-1

[Event "FINAL MISTRZOSTW POLSKI JUNIOROW 2018 - GRUPA  C18"]
[Site "Jastrzebia Gora"]
[Date "1899-12-30"]
[Round "6.4"]
[White "Szustakowski, Antoni"]
[Black "Lukasiewicz, Krzysztof"]
[Result "1/2-1/2"]
[WhiteTitle "FM"]
[BlackTitle "k"]
[WhiteElo "2297"]
[BlackElo "2209"]

1. c4 e5 2. Nc3 Nf6 3. Nf3 Nc6 4. g3 d5 5. cxd5 Nxd5 6. Bg2 Nb6 7. O-O Be7 8. Rb1
O-O 9. a3 Be6 10. b4 f6 11. d3 a5 12. b5 Nd4 13. Nxd4 exd4 14. Na4 Bd5 15. Nxb6
cxb6 16. Qa4 Bxg2 17. Kxg2 Qd5+ 18. Kg1 Rfe8 19. Bb2 Bc5 20. Rfe1 Rad8 21. Qc2
Rd6 22. Rbd1 Rde6 23. Qc4 Qxc4 24. dxc4 Rxe2 25. Rxe2 Rxe2 26. Bxd4 Kf7 27. Bxc5
bxc5 28. Rd7+ Re7 29. Rd5 b6 30. Rd6 Re6 31. Rd7+ 1/2-1/2

[Event "FINAL MISTRZOSTW POLSKI JUNIOROW 2018 - GRUPA  C18"]
[Site "Jastrzebia Gora"]
[Date "1899-12-30"]
[Round "6.5"]
[White "Woloch, Oskar"]
[Black "Walter, Szymon"]
[Result "1-0"]
[WhiteTitle "k"]
[BlackTitle "k+"]
[WhiteElo "2107"]
[BlackElo "2330"]

1. d4 Nf6 2. c4 g6 3. Nc3 d5 4. Bg5 Ne4 5. Bh4 g5 6. Nxe4 dxe4 7. Bxg5 Bg7 8. e3
c5 9. Ne2 Nc6 10. Qd2 cxd4 11. exd4 Nxd4 12. O-O-O Nxe2+ 13. Bxe2 Qc7 14. Bf4
Qb6 15. Be3 Qc7 16. Qc2 Qc6 17. Rd5 O-O 18. Kb1 b6 19. Qxe4 Bf5 20. Qxf5 e6 21.
Qh5 exd5 22. Bd3 h6 23. Qf5 Rfd8 24. Rc1 d4 25. Be4 Qf6 26. Qh7+ Kf8 27. Bd2 Rac8
28. Bb4+ Rc5 29. Qf5 Qd6 30. Bd5 Bf6 31. Qh5 Rd7 32. Qxh6+ Ke8 33. Bxc5 bxc5 34.
Qh3 Kd8 35. Qf3 Qe5 36. Qe4 Qd6 37. g3 Re7 38. Qd3 Qe5 39. Bf3 Re6 40. h4 Bg7
41. a3 a5 42. Ka2 Rb6 43. Rc2 1-0

[Event "FINAL MISTRZOSTW POLSKI JUNIOROW 2018 - GRUPA  C18"]
[Site "Jastrzebia Gora"]
[Date "1899-12-30"]
[Round "6.6"]
[White "Koziol, Kamil"]
[Black "Klepek, Witold"]
[Result "1/2-1/2"]
[WhiteTitle "FM"]
[BlackTitle "k"]
[WhiteElo "2262"]
[BlackElo "2126"]

1. d4 d5 2. c4 c6 3. Nc3 Nf6 4. Nf3 e6 5. e3 Nbd7 6. Qc2 Bd6 7. g4 Nxg4 8. Rg1
f5 9. h3 Ngf6 10. Rxg7 Ne4 11. Bd2 Qf6 12. Rg2 Nf8 13. O-O-O Bd7 14. Be2 Ng6 15.
Rdg1 Nxc3 16. Bxc3 O-O-O 17. c5 Bb8 18. a4 Rdf8 19. b4 Be8 20. b5 f4 21. e4 Nh4
22. Nxh4 Qxh4 23. Bg4 Qh6 24. exd5 cxd5 25. Bd2 Rf6 26. Re1 Bh5 27. Bxe6+ Rxe6
28. Qf5 Rhe8 29. Rg8 Kd7 30. Qxd5+ Bd6 31. Qxb7+ Bc7 32. Qd5+ Ke7 33. Rxe6+ Qxe6
34. Qg5+ Qf6 35. Rxe8+ Bxe8 36. Qd5 Qe6 37. Qg5+ Qf6 1/2-1/2

[Event "FINAL MISTRZOSTW POLSKI JUNIOROW 2018 - GRUPA  C18"]
[Site "Jastrzebia Gora"]
[Date "1899-12-30"]
[Round "6.7"]
[White "Janiszewski, Filip"]
[Black "Brozyna, Mateusz"]
[Result "0-1"]
[WhiteTitle "I++"]
[BlackTitle "I+"]
[WhiteElo "1869"]
[BlackElo "2147"]

1. e4 e5 2. Nf3 Nc6 3. Bb5 a6 4. Ba4 Nf6 5. O-O Be7 6. Re1 b5 7. Bb3 d6 8. c3 O-O
9. h3 Nb8 10. a4 Bb7 11. Bc2 Nbd7 12. d4 Re8 13. Qe2 c6 14. Nbd2 Bf8 15. Nf1 g6
16. Ng3 Bg7 17. dxe5 Nxe5 18. Nxe5 Rxe5 19. Bf4 Re6 20. Rad1 Qe7 21. Qd2 d5 22.
exd5 Nxd5 23. Bg5 f6 24. Rxe6 Qxe6 25. Re1 Qf7 26. Bh6 f5 27. Bxg7 Kxg7 28. Qg5
h6 29. Qd2 Re8 30. Rxe8 Qxe8 31. h4 Qe5 32. h5 f4 33. Ne4 Bc8 34. Nc5 Qxh5 35.
Qd4+ Nf6 36. Qd6 Qe2 37. Bd3 Qd1+ 0-1

[Event "FINAL MISTRZOSTW POLSKI JUNIOROW 2018 - GRUPA  C18"]
[Site "Jastrzebia Gora"]
[Date "1899-12-30"]
[Round "6.8"]
[White "Bilczewski, Kacper"]
[Black "Garbowski, Jakub"]
[Result "1/2-1/2"]
[WhiteTitle "k+"]
[BlackTitle "k"]
[WhiteElo "2161"]
[BlackElo "2112"]

1. e4 c5 2. c3 d5 3. exd5 Qxd5 4. d4 Nc6 5. Nf3 Bf5 6. Be2 cxd4 7. cxd4 Bxb1 8.
Rxb1 e6 9. O-O Nf6 10. Qa4 Bd6 11. Bc4 Qf5 12. Be3 O-O 13. Rfd1 Nd5 14. a3 Nb6
15. Qb5 Qxb5 16. Bxb5 Ne7 17. Nd2 Nbd5 18. Ne4 Rfd8 19. Rbc1 Nf5 20. Rd3 Be7 21.
Kf1 Rac8 22. Rxc8 Rxc8 23. Ke2 Nd6 24. Nxd6 Bxd6 25. g3 Rc2+ 26. Rd2 Rxd2+ 27.
Bxd2 Kf8 28. Kd3 Ke7 29. Bg5+ f6 30. Bd2 Bc7 31. Bc4 1/2-1/2

[Event "FINAL MISTRZOSTW POLSKI JUNIOROW 2018 - GRUPA  C18"]
[Site "Jastrzebia Gora"]
[Date "1899-12-30"]
[Round "6.9"]
[White "Jordan, Adam"]
[Black "Sernecki, Franciszek"]
[Result "0-1"]
[WhiteTitle "I"]
[BlackTitle "I+"]
[WhiteElo "1748"]
[BlackElo "2160"]

1. d4 d5 2. Nf3 c5 3. c4 e6 4. cxd5 exd5 5. Nc3 Nc6 6. Bg5 Be7 7. Bxe7 Ngxe7 8.
e3 c4 9. Be2 Bf5 10. O-O O-O 11. b3 Qa5 12. Na4 Rfc8 13. bxc4 dxc4 14. Nh4 Be6
15. Nc5 Nd8 16. Qc2 b6 17. Nxe6 Nxe6 18. Rfc1 Rc7 19. a4 Rac8 20. Rab1 a6 21.
Nf3 Nd5 22. Ne5 b5 23. axb5 axb5 24. Bf3 b4 25. Bxd5 b3 26. Qe4 Ng5 27. Qf4 Qxd5
28. Qxg5 f6 29. e4 Qb5 30. Qe3 fxe5 31. d5 Qc5 32. Rxb3 cxb3 33. Rxc5 b2 0-1

[Event "FINAL MISTRZOSTW POLSKI JUNIOROW 2018 - GRUPA  C18"]
[Site "Jastrzebia Gora"]
[Date "1899-12-30"]
[Round "6.10"]
[White "Choina, Michal"]
[Black "Hrymowicz, Artur"]
[Result "0-1"]
[WhiteTitle "I++"]
[BlackTitle "I++"]
[WhiteElo "1906"]
[BlackElo "2156"]

1. f4 Nf6 2. Nf3 g6 3. c4 Bg7 4. Nc3 O-O 5. d4 d6 6. e3 Nbd7 7. Bd3 Re8 8. O-O
e5 9. Bc2 exf4 10. exf4 Nb6 11. b3 Bd7 12. Bb2 Ng4 13. Re1 Ne3 14. Qd2 Nxc2 15.
Qxc2 Qf6 16. Qd2 Bg4 17. Ne4 Qf5 18. Ng3 Qd7 19. Qf2 Rxe1+ 20. Rxe1 Re8 21. Re3
Qd8 22. h3 Bd7 23. Bc3 Nc8 24. Qe1 Rxe3 25. Qxe3 Qe7 26. Kf2 Qxe3+ 27. Kxe3 Ne7
28. Kd3 h5 29. d5 f6 30. Ne4 Kf7 31. Nf2 Bh6 32. Bd2 Bf5+ 33. Kc3 c6 34. dxc6
bxc6 35. Be3 Nc8 36. Kb4 Bf8 37. g4 Bd7 38. Kc3 Nb6 39. a4 c5 40. Nd2 d5 41. cxd5
Nxd5+ 42. Kd3 Nb4+ 43. Ke2 Be6 44. Nc4 Bd5 45. gxh5 gxh5 46. h4 Ke6 47. Bd2 Nc2
48. Bc3 Be7 49. Kd2 Nb4 50. Bxb4 cxb4 51. Nd3 f5 52. Ke3 Bxc4 53. bxc4 a5 54.
Nc1 Bxh4 55. Nb3 Bd8 56. Kf3 h4 57. Nd4+ Kf6 58. Nb3 Bb6 59. Kg2 Be3 60. Kf3 h3
61. Kg3 Bxf4+ 62. Kxh3 Ke5 63. Kg2 Ke4 64. Nxa5 Kd4 65. Kf3 Bc7 66. Nc6+ Kxc4
67. a5 b3 68. a6 b2 69. a7 b1=Q 70. a8=Q Qf1+ 0-1

[Event "FINAL MISTRZOSTW POLSKI JUNIOROW 2018 - GRUPA  C18"]
[Site "Jastrzebia Gora"]
[Date "1899-12-30"]
[Round "6.11"]
[White "Zaleski, Lukasz"]
[Black "Jarzebowski, Kacper"]
[Result "1-0"]
[WhiteTitle "k"]
[BlackTitle "I++"]
[WhiteElo "2132"]
[BlackElo "1914"]

1. e4 e5 2. Nf3 Nc6 3. Bb5 f5 4. d3 fxe4 5. dxe4 Nf6 6. O-O Bc5 7. Qe2 d6 8. Qc4
Qe7 9. Nc3 a6 10. Bxc6+ bxc6 11. Be3 Nd7 12. Na4 Nb6 13. Nxb6 cxb6 14. b4 Be6
15. Qc3 Bxe3 16. Qxc6+ Kf7 17. fxe3 Rhc8 18. Qxb6 Rab8 19. Qxa6 Kg8 20. Rfd1 Rxc2
21. a3 Rd8 22. Rac1 Ra2 23. Rc6 Rf8 24. Rf1 Rd8 25. Qd3 Rb2 26. Rb1 Qe8 27. b5
Rxb1+ 28. Qxb1 Rb8 29. Qd3 Bd7 30. Rxd6 Bxb5 31. Qd5+ Kh8 32. Nxe5 Rc8 33. Nf7+
Kg8 34. Rd8 Rc1+ 35. Kf2 Rf1+ 36. Kg3 Rxf7 37. Rxe8+ Bxe8 38. a4 Kf8 39. a5 g6
40. a6 Rd7 41. Qc5+ 1-0

[Event "FINAL MISTRZOSTW POLSKI JUNIOROW 2018 - GRUPA  C18"]
[Site "Jastrzebia Gora"]
[Date "1899-12-30"]
[Round "6.12"]
[White "Swider, Pawel"]
[Black "Raczynski, Krzysztof"]
[Result "1-0"]
[WhiteTitle "I"]
[BlackTitle "k+"]
[WhiteElo "1941"]
[BlackElo "2124"]

1. Nf3 f5 2. d4 Nf6 3. g3 g6 4. Bg2 Bg7 5. O-O O-O 6. c4 d6 7. Nc3 Qe8 8. d5 Na6
9. Nd4 Bd7 10. e4 c5 11. dxc6 bxc6 12. exf5 gxf5 13. Re1 e5 14. Bg5 Qc8 15. Nb3
h6 16. Bh4 Qc7 17. Nb5 Qb6 18. Nxd6 e4 19. Qc2 Nb4 20. Qd2 Nd3 21. c5 Qc7 22.
Bxf6 Bxf6 23. Qxh6 Nxe1 24. Rxe1 Be6 25. Nd4 Bd5 26. N4xf5 Qh7 27. Qxh7+ Kxh7
28. b3 e3 29. Rxe3 Bxg2 30. Kxg2 a5 31. Re4 a4 32. bxa4 Ra5 33. Rc4 Rfa8 34. Ne4
Be5 35. f4 Rxa4 36. Ng5+ Kg6 37. Rxa4 Rxa4 38. Ne7+ Kf6 39. Nxc6 Bxf4 40. gxf4
Rxf4 41. Nf3 Rc4 42. Nce5 Ke7 1-0

[Event "FINAL MISTRZOSTW POLSKI JUNIOROW 2018 - GRUPA  C18"]
[Site "Jastrzebia Gora"]
[Date "1899-12-30"]
[Round "6.13"]
[White "Slomczewski, Michal"]
[Black "Dryja, Szymon"]
[Result "1-0"]
[WhiteTitle "I+"]
[BlackTitle "I++"]
[WhiteElo "2045"]
[BlackElo "1896"]

1. d4 Nf6 2. Bg5 e6 3. e4 Be7 4. Bd3 h6 5. Bxf6 Bxf6 6. e5 Be7 7. Qg4 g6 8. Ne2
d5 9. O-O h5 10. Qh3 c5 11. b3 Nc6 12. Nd2 cxd4 13. f4 Qb6 14. a3 Bd7 15. b4 O-O-O
16. Nb3 f6 17. exf6 Bxf6 18. Nc5 Ne7 19. Nc1 Nf5 20. Bxf5 gxf5 21. N1d3 Kb8 22.
Rfe1 Bc8 23. Ne5 Rh7 24. Qd3 Bxe5 25. Rxe5 Qc6 26. Rae1 Rh6 27. Qg3 h4 28. Qg7
Rhh8 29. Rxe6 Rhg8 30. Qxg8 Rxg8 31. Rxc6 bxc6 32. Kf2 Kc7 33. Re7+ Kb6 34. Nb3
a6 35. a4 Rg6 36. Nxd4 c5 37. a5# 1-0

[Event "FINAL MISTRZOSTW POLSKI JUNIOROW 2018 - GRUPA  C18"]
[Site "Jastrzebia Gora"]
[Date "1899-12-30"]
[Round "6.15"]
[White "Rak, Maciej"]
[Black "Kus, Aleksander"]
[Result "1/2-1/2"]
[WhiteTitle "I"]
[BlackTitle "k"]
[WhiteElo "1694"]
[BlackElo "2009"]

1. e4 e6 2. d4 d5 3. Nd2 h6 4. exd5 exd5 5. Bd3 Nc6 6. c3 Bd6 7. Ngf3 Nge7 8. O-O
Bg4 9. Qb3 Qc8 10. Re1 O-O 11. Qc2 Qd7 12. h3 Bf5 13. Nf1 Bxd3 14. Qxd3 Ng6 15.
Bd2 a6 16. Re2 Rae8 17. Rae1 Rxe2 18. Qxe2 Nd8 19. Qd3 Re8 20. Rxe8+ Qxe8 21.
g3 Qe6 22. Qe3 Ne7 23. Qxe6 Nxe6 24. Ne3 c6 25. Kg2 f6 26. Nh4 Bc7 27. Nhf5 Nxf5
28. Nxf5 Kf7 29. Kf3 Bb8 30. Bc1 Bc7 1/2-1/2

[Event "FINAL MISTRZOSTW POLSKI JUNIOROW 2018 - GRUPA  C18"]
[Site "Jastrzebia Gora"]
[Date "1899-12-30"]
[Round "6.16"]
[White "Kupiecki, Szymon"]
[Black "Kaminski, Maciej"]
[Result "1-0"]
[WhiteTitle "I"]
[BlackTitle "I++"]
[WhiteElo "1827"]
[BlackElo "1957"]

1. d4 Nf6 2. c4 c5 3. d5 b5 4. b3 Bb7 5. Qc2 e6 6. e4 d6 7. Nf3 Nbd7 8. h3 g6 9.
Bb2 Bg7 10. Bd3 O-O 11. O-O Nb6 12. Nc3 b4 13. Ne2 e5 14. Nh2 Qe7 15. Qd2 Ne8
16. g3 f5 17. f3 f4 18. g4 Bc8 19. Kg2 Bf6 20. a3 a5 21. axb4 axb4 22. Rxa8 Nxa8
23. Qc2 Bh4 24. Bc1 h5 25. Bd2 hxg4 26. fxg4 Rf7 27. Nf3 Rh7 28. Rh1 Nf6 29. Be1
Bxe1 30. Rxe1 Qg7 31. Neg1 g5 32. Qa2 Nb6 33. Qa5 Nfd7 34. Qa7 Kf7 35. Qc7 Ke7
36. Ra1 Rh8 37. Ra7 Ke8 38. Qxb6 Nxb6 39. Rxg7 Nd7 40. Rxg5 Kf7 41. Rh5 Rg8 42.
g5 Nf6 43. Rh6 Ne8 44. h4 Bd7 45. Be2 Ke7 46. Rh7+ Kd8 47. Kf2 Ng7 48. Bf1 Be8
49. Rh6 Ke7 50. Bh3 Bf7 51. g6 Be8 52. h5 Kf6 53. Rh7 Bxg6 54. hxg6 Kxg6 55. Rh4
Ra8 56. Nd2 Ra2 57. Ngf3 Ne8 58. Bf5+ Kf6 59. Rh6+ Kf7 60. Re6 Ng7 61. Bg6+ 1-0

[Event "FINAL MISTRZOSTW POLSKI JUNIOROW 2018 - GRUPA  C18"]
[Site "Jastrzebia Gora"]
[Date "1899-12-30"]
[Round "6.17"]
[White "Bojczewski, Rafal"]
[Black "Raclawicki, Kacper"]
[Result "0-1"]
[WhiteTitle "I+"]
[BlackTitle "I"]
[WhiteElo "1790"]
[BlackElo "1738"]

1. e4 c5 2. Nf3 e6 3. d4 cxd4 4. Nxd4 Qb6 5. Nb3 Qc7 6. a3 Nf6 7. Nc3 a6 8. Be3
d6 9. Be2 Be7 10. O-O O-O 11. f4 Nbd7 12. Qe1 b5 13. Rd1 Bb7 14. Bf3 Rac8 15.
Qg3 Rfd8 16. h4 Ba8 17. Nd4 Nc5 18. e5 Nfe4 19. Nxe4 Nxe4 20. Qg4 dxe5 21. Nxe6
fxe6 22. Qxe6+ Kh8 23. Bxe4 Bxe4 24. b4 Qxc2 25. Rd2 Rxd2 26. Bxd2 Ra8 0-1

[Event "FINAL MISTRZOSTW POLSKI JUNIOROW 2018 - GRUPA  C18"]
[Site "Jastrzebia Gora"]
[Date "1899-12-30"]
[Round "7.1"]
[White "Kowalski, Igor"]
[Black "Wyczling, Bartosz"]
[Result "1/2-1/2"]
[WhiteTitle "FM"]
[BlackTitle "k"]
[WhiteElo "2303"]
[BlackElo "2103"]

1. e4 c5 2. Nf3 Nc6 3. d4 cxd4 4. Nxd4 g6 5. c4 Nf6 6. Nc3 Nxd4 7. Qxd4 d6 8. f3
Bg7 9. Be3 O-O 10. Qd2 a5 11. Be2 a4 12. O-O Qa5 13. Rac1 Bd7 14. Rfd1 Rfd8 15.
Nb5 Qxd2 16. Rxd2 Rdc8 17. Rdc2 Ne8 18. Na7 Rcb8 19. Bb6 Bf6 20. Rd1 Bc6 21. b4
axb3 22. axb3 Ng7 23. c5 dxc5 24. Rxc5 Be8 25. Rc2 Ne6 26. g3 Bc6 27. Kf2 g5 28.
Ke3 Be5 29. Nxc6 bxc6 30. Rxc6 Ra2 31. Rd5 Bd6 32. e5 Ba3 33. Rd2 Ra1 34. Rdc2
Rb1 35. Rc8+ Rxc8 36. Rxc8+ Kg7 37. Bc4 Rh1 38. h4 gxh4 39. gxh4 Rxh4 40. Bxe6
fxe6 41. Rc4 Rh2 42. b4 h5 43. Bc5 Kf7 44. b5 1/2-1/2

[Event "FINAL MISTRZOSTW POLSKI JUNIOROW 2018 - GRUPA  C18"]
[Site "Jastrzebia Gora"]
[Date "1899-12-30"]
[Round "7.2"]
[White "Grela, Kacper"]
[Black "Woloch, Oskar"]
[Result "1-0"]
[WhiteTitle "FM"]
[BlackTitle "k"]
[WhiteElo "2321"]
[BlackElo "2107"]

1. Nf3 Nf6 2. d4 c5 3. d5 b5 4. e4 Nxe4 5. Nbd2 Nf6 6. Bxb5 Nxd5 7. O-O e6 8. Ne4
a6 9. Re1 Bb7 10. Bf1 f5 11. Bg5 Qc7 12. Nh4 Be7 13. Qh5+ Kd8 14. Ng6 Re8 15.
Nxe7 Nxe7 16. Ng3 h6 17. Bd2 Nbc6 18. Rad1 e5 19. Qf7 Nd4 20. Rxe5 d6 21. Ree1
Bd5 22. Qxg7 Nxc2 23. Nxf5 Nxe1 24. Rxe1 Bc6 25. Qf6 Ra7 26. Bf4 1-0

[Event "FINAL MISTRZOSTW POLSKI JUNIOROW 2018 - GRUPA  C18"]
[Site "Jastrzebia Gora"]
[Date "1899-12-30"]
[Round "7.3"]
[White "Gumularz, Szymon"]
[Black "Szustakowski, Antoni"]
[Result "0-1"]
[WhiteTitle "FM"]
[BlackTitle "FM"]
[WhiteElo "2462"]
[BlackElo "2297"]

1. b3 g6 2. Bb2 Nf6 3. Nf3 Bg7 4. c4 d6 5. g3 O-O 6. Bg2 e5 7. O-O Nc6 8. d3 Be6
9. Nc3 Re8 10. Rc1 Qe7 11. a3 Rad8 12. Ng5 Bg4 13. b4 Bh6 14. h4 Nd4 15. f3 Bc8
16. e3 Ne6 17. f4 exf4 18. exf4 Nxg5 19. fxg5 Qe3+ 20. Kh1 Qxg3 21. Rxf6 Qxh4+
22. Kg1 Bxg5 23. Rf2 Bg4 24. Qf1 f5 25. Bd5+ Kf8 26. Bxb7 Bh3 27. Bg2 Bxg2 28.
Kxg2 Re3 29. Ne2 Rh3 30. Rxf5+ Kg8 31. Qg1 Qg4+ 32. Kf1 Qxf5+ 33. Ke1 Bh4+ 0-1

[Event "FINAL MISTRZOSTW POLSKI JUNIOROW 2018 - GRUPA  C18"]
[Site "Jastrzebia Gora"]
[Date "1899-12-30"]
[Round "7.4"]
[White "Lukasiewicz, Krzysztof"]
[Black "Karpus, Michal"]
[Result "1-0"]
[WhiteTitle "k"]
[BlackTitle "FM"]
[WhiteElo "2209"]
[BlackElo "2367"]

1. e4 e5 2. Nf3 Nc6 3. Bc4 Nf6 4. d3 Be7 5. O-O O-O 6. Re1 d6 7. a4 Na5 8. Ba2
c5 9. c3 a6 10. Nbd2 Bd7 11. Nf1 b5 12. axb5 axb5 13. Bd2 c4 14. d4 Qc7 15. Ng3
Rfe8 16. h3 Bc6 17. Bb1 Nb3 18. Rxa8 Rxa8 19. Be3 Bf8 20. Bg5 Nd7 21. Nd2 Nxd2
22. Qxd2 Qa5 23. Nf5 f6 24. Be3 Rb8 25. Qe2 Nb6 26. Qg4 Kh8 27. Rd1 Na4 28. dxe5
dxe5 29. Rd2 Qc7 30. f4 Rd8 31. Rxd8 Qxd8 32. fxe5 fxe5 33. Bg5 Qe8 34. Qg3 Qg6
35. Bc1 Qe6 36. Bc2 Nc5 37. Qf3 Qe8 38. Bg5 Qa8 39. Ng3 Kg8 40. Be3 Qb8 41. Qf5
Bd7 42. Qg5 Ne6 43. Qh4 b4 44. Qg4 bxc3 45. Qd1 Bc6 46. bxc3 Qb2 47. Qd2 Nc5 48.
Kh2 Qb7 49. Qd8 Ne6 50. Qa5 Bd6 51. Qa2 Bb5 52. Nf5 Bf8 53. Qa5 Qc6 54. Qa7 Qe8
55. Qb6 Bc6 56. Qa5 Nf4 57. Qc7 Nd3 58. Ba4 Bxa4 59. Qxc4+ Kh8 60. Qxd3 Bc6 61.
Qc4 Bb5 62. Qc7 Bc6 63. Ng3 h6 64. c4 Kg8 65. Qb6 Qg6 66. Bc5 Bxc5 67. Qxc5 Bxe4
68. Qxe5 Bc6 69. c5 Kh8 70. Qe7 Kg8 71. Qe2 Bb7 72. Qc4+ Kh8 73. Qf4 Qc6 74. Qf2
Kh7 75. Nh5 Qe4 76. Qg3 Qe7 77. Nf4 Qc7 78. Qg6+ Kh8 79. Qd6 Qf7 80. Nd3 Qf5 81.
Nf4 Qf7 82. Ne6 Kg8 83. Nd8 Qd5 84. Nxb7 Qxb7 85. c6 Qc8 86. c7 Kf7 87. Qd8 Qe6
88. Qd4 Qc6 89. Qf4+ Ke7 90. Qe5+ Kd7 91. Qxg7+ Kc8 92. Qe5 Qc1 93. Qd6 Kb7 94.
Qe5 Qd2 95. Kg3 Kc8 96. Qf5+ Kxc7 97. Qf4+ 1-0

[Event "FINAL MISTRZOSTW POLSKI JUNIOROW 2018 - GRUPA  C18"]
[Site "Jastrzebia Gora"]
[Date "1899-12-30"]
[Round "7.5"]
[White "Brozyna, Mateusz"]
[Black "Chylewski, Patryk"]
[Result "0-1"]
[WhiteTitle "I+"]
[BlackTitle "FM"]
[WhiteElo "2147"]
[BlackElo "2313"]

1. e4 c5 2. Ne2 d6 3. g3 Nc6 4. Bg2 Nf6 5. c3 g6 6. d4 Bd7 7. O-O Bg7 8. h3 Rc8
9. Be3 b6 10. Qd2 O-O 11. Na3 a6 12. f4 cxd4 13. cxd4 b5 14. Rac1 e6 15. g4 d5
16. e5 Ne8 17. f5 exf5 18. Bxd5 Ne7 19. Bf3 fxg4 20. hxg4 Rxc1 21. Rxc1 Be6 22.
b3 Bd5 23. Rf1 Qd7 24. g5 Nc7 25. Nc2 Bxf3 26. Rxf3 Ncd5 27. Ne1 Qg4+ 28. Rg3
Qe4 29. Nc3 Nxc3 30. Qxc3 Rc8 31. Qd3 Qxd3 32. Nxd3 Nf5 33. Rf3 Rd8 34. Nb4 Nxd4
35. Bxd4 Rxd4 36. Nc6 Rg4+ 37. Kf1 Rxg5 38. a4 bxa4 39. bxa4 Bxe5 0-1